[Event "AUTO-OPEN-2808"]
[Site "http://www.queenalice.com/game.php?id=1109527"]
[Date "2012.10.4"]
[Round "1"]
[White "mouderjr"]
[Black "jumping"]
[Result "1-0"]
[WhiteElo "1997"]
[BlackElo "1757"]

1. d4 d5 2. c4 Nc6 3. e3 e5 4. cxd5 Qxd5 5. Nc3 Bb4 6. Bd2 Qd8 7. d5 Nce7 8. e4
Nf6 9. Qa4+ c6 10. Qxb4 a5 11. Qa4 b5 12. Qc2 cxd5 13. Bxb5+ Bd7 14. Bxd7+ Qxd7
15. Rd1 O-O 16. Nf3 d4 17. Bg5 Qe6 18. Ne2 h6 19. Bh4 Rfc8 20. Qb1 Ng6 21. Bg3
Qc6 22. Bxe5 Nxe5 23. Nxe5 Qc5 24. Nf3 Rd8 25. Nfxd4 Qb4+ 26. Kf1 Rab8 27. Nc6
1-0

[Event "AUTO-OPEN-2808"]
[Site "http://www.queenalice.com/game.php?id=1109528"]
[Date "2012.10.4"]
[Round "1"]
[White "jumping"]
[Black "mouderjr"]
[Result "0-1"]
[WhiteElo "1755"]
[BlackElo "2011"]

1. e4 c6 2. d4 d5 3. Nc3 e6 4. Nf3 Nd7 5. Bd3 Ne7 6. O-O Nb6 7. exd5 Nbxd5 8.
Nxd5 cxd5 9. Re1 g6 10. Bg5 Bg7 11. Bb5+ Bd7 12. a4 a6 13. Bd3 O-O 14. b4 Re8
15. b5 axb5 16. axb5 b6 17. c3 f6 18. Bf4 Qc8 19. Qc1 Kh8 20. c4 Qb7 21. Rb1
Rec8 22. c5 bxc5 23. dxc5 e5 24. Bf1 Bf5 25. Rb3 Be6 26. Bd2 d4 27. Bc4 Rxc5 28.
Rb4 Nf5 29. Qc2 Bf8 30. Qd3 Bxc4 31. Rxc4 Rxb5 32. g3 Ra3 33. Qe2 Rxf3 34. Ra4
Rfb3 35. Ba5 Rb1 36. Bd8 Rxe1+ 0-1

[Event "AUTO-OPEN-2808"]
[Site "http://www.queenalice.com/game.php?id=1109541"]
[Date "2012.10.4"]
[Round "1"]
[White "jumping"]
[Black "ismaelpereira"]
[Result "1-0"]
[WhiteElo "1772"]
[BlackElo "1331"]

1. e4 d5 2. exd5 Qxd5 3. Nc3 Qe5+ 4. Qe2 Qe6 5. Nb5 Qd7 6. Nf3 c6 7. Nbd4 c5 8.
Nb3 b6 9. d4 Nc6 10. Qe4 f5 11. Qe3 cxd4 12. Nbxd4 e5 13. Bb5 Bb4+ 14. Bd2 f4
15. Qe4 Nf6 16. Qe2 Bxd2+ 17. Kxd2 a6 18. Bxc6 e4 19. Bxd7+ Bxd7 20. Ng5 Bg4 21.
f3 Bh5 22. Nxe4 Rd8 23. Nxf6+ Kf7 24. Qe7+ Kxe7 25. Nxh5 Rxd4+ 26. Kc3 Rhd8 27.
Rhe1+ Kf8 28. Re4 Rd2 29. Nxf4 g5 30. Ne6+ Ke8 31. Nxd8+ 1-0

[Event "AUTO-OPEN-2808"]
[Site "http://www.queenalice.com/game.php?id=1109542"]
[Date "2012.10.4"]
[Round "1"]
[White "ismaelpereira"]
[Black "jumping"]
[Result "0-1"]
[WhiteElo "1329"]
[BlackElo "1774"]

1. e4 e5 2. Nf3 Nc6 3. Bc4 h6 4. Nh4 Qxh4 5. g3 Qxe4+ 6. Qe2 Qxe2+ 7. Kxe2 Nd4+
8. Ke3 Nxc2+ 9. Ke2 Nxa1 10. b3 Nc2 11. Nc3 Ba3 12. Bxa3 Nxa3 13. Bd5 Nf6 14.
Bf3 O-O 15. Bd5 c6 16. Bf3 d5 17. b4 e4 18. Bg2 Bg4+ 19. f3 exf3+ 20. Bxf3 Rfe8+
21. Kf2 Nc2 22. h3 Bxf3 23. Kxf3 Nxb4 24. Rb1 a5 25. a3 Nc2 26. Rxb7 Nxa3 27.
Rc7 Rac8 28. Ra7 Nc4 29. d3 Re3+ 30. Kf2 Rxd3 31. Na4 Re8 32. Nc5 Rd2+ 33. Kf3
Re3+ 34. Kf4 Rf2# 0-1

[Event "Challenge"]
[Site "http://www.queenalice.com/game.php?id=1110360"]
[Date "2012.10.7"]
[Round "-"]
[White "jumping"]
[Black "bumpywater"]
[Result "1-0"]
[WhiteElo "1749"]
[BlackElo "1823"]

1. e4 e5 2. Nf3 Nc6 3. Bb5 a6 4. Bxc6 bxc6 5. Nxe5 d6 6. Nxc6 Qg5 7. g3 Bb7 8.
d4 Qb5 9. d5 Bxc6 10. dxc6 Qxc6 11. Nc3 Nf6 12. O-O h6 13. Nd5 Nxe4 14. Re1
O-O-O 15. Rxe4 f5 16. Re1 g6 17. b4 Bg7 18. Rb1 g5 19. Ne7+ Kd7 20. Nxc6 Kxc6
21. Qf3+ 1-0

[Event "Challenge"]
[Site "http://www.queenalice.com/game.php?id=1111467"]
[Date "2012.10.11"]
[Round "-"]
[White "Omar"]
[Black "jumping"]
[Result "1-0"]
[WhiteElo "1702"]
[BlackElo "1752"]

1. e4 e5 2. Nf3 Nc6 3. Nc3 Nf6 4. d3 Bb4 5. Bd2 d6 6. a3 Bc5 7. h3 d5 8. exd5
Nxd5 9. Nxd5 Qxd5 10. Bc3 O-O 11. Be2 b5 12. O-O Bd4 13. Nxd4 exd4 14. Bd2 Bb7
15. Bf3 Qe6 16. Bf4 Qd7 17. b4 a5 18. bxa5 Rxa5 19. Bd2 Ra7 20. Be4 Ne5 21. Bb4
Re8 22. Bxb7 Rxb7 23. Qh5 Qe6 24. Rae1 Qd5 25. Re2 Re6 26. Rfe1 f6 27. f4 g6 28.
Qh6 c5 29. Bd2 Rbe7 30. fxe5 Rxe5 31. Rxe5 Rxe5 32. Qh4 Qd6 33. Rf1 f5 34. Bf4
Qe6 35. Bxe5 Qxe5 36. Re1 Qc7 37. Re8+ Kf7 38. Re1 c4 39. dxc4 bxc4 40. Qxd4 Qa5
41. Rd1 Qxa3 42. Qxc4+ Kf6 43. h4 Qe3+ 44. Kh1 g5 45. Rd6+ Ke5 46. Re6# 1-0

[Event "Challenge"]
[Site "http://www.queenalice.com/game.php?id=1111510"]
[Date "2012.10.11"]
[Round "-"]
[White "jumping"]
[Black "Omar"]
[Result "0-1"]
[WhiteElo "1734"]
[BlackElo "1714"]

1. e4 e5 2. Nf3 d6 3. Nc3 h6 4. d4 exd4 5. Nxd4 Be7 6. b3 Nf6 7. Bc4 O-O 8. O-O
Nh7 9. Nd5 Bf6 10. Bb2 Be6 11. Rb1 c6 12. Nf4 Bxc4 13. bxc4 a6 14. Nf5 Bxb2 15.
Rxb2 b5 16. Nxd6 Qc7 17. Re1 bxc4 18. Nh5 f6 19. Nxc4 Nd7 20. g3 Ne5 21. Nd6
Rfd8 22. Rb7 Qxd6 23. Rb1 Qxd1 24. Rexd1 Nf3+ 25. Kg2 Rxd1 26. Rxd1 Ne5 27. Nf4
Ng5 28. Re1 Rb8 29. h4 Ngf3 30. Re3 Rb2 31. Ra3 Rxc2 32. Rxa6 c5 33. Ra8+ Kh7
34. Ne6 c4 35. Nf8+ Kg8 36. Ng6+ Kf7 37. Nh8+ Ke6 38. Ra6+ Kd7 39. Ra7+ Kd6 40.
a4 Rc1 41. Ra6+ Kc5 42. a5 Kb5 43. Ra7 h5 44. Rxg7 Rg1+ 45. Kh3 Ng4 46. Ra7
Nxf2# 0-1

[Event "Challenge"]
[Site "http://www.queenalice.com/game.php?id=1114265"]
[Date "2012.10.20"]
[Round "-"]
[White "bumpywater"]
[Black "jumping"]
[Result "1-0"]
[WhiteElo "1778"]
[BlackElo "1768"]

1. d4 d5 2. h3 Nc6 3. Bg5 h6 4. Bh4 Bf5 5. Nc3 Nb4 6. Rc1 Nf6 7. a3 Nc6 8. Nf3
g5 9. Bg3 Bg7 10. e3 Qd7 11. Bb5 a6 12. Ba4 O-O-O 13. Bxc6 Qxc6 14. Ne5 Qd6 15.
Nxf7 Qb6 16. Na4 Qa5+ 17. c3 Rhf8 18. Nxd8 Rxd8 19. O-O Ne4 20. Bh2 Qb5 21. b4
Qd7 22. Nc5 Nxc5 23. bxc5 Re8 24. c4 e6 25. cxd5 Qxd5 26. Qa4 Rf8 27. c6 Bd3 28.
cxb7+ Kxb7 29. Rxc7+ Kb6 30. Rfc1 Be4 31. R1c6+ Qxc6 32. Rxc6+ Bxc6 33. Qb4+ Bb5
34. Qd6+ Ka5 35. Qc7+ Ka4 36. Qxg7 Rc8 37. Bd6 Rc1+ 38. Kh2 1-0

[Event "Challenge"]
[Site "http://www.queenalice.com/game.php?id=1124898"]
[Date "2012.11.22"]
[Round "-"]
[White "jumping"]
[Black "bumpywater"]
[Result "0-1"]
[WhiteElo "1717"]
[BlackElo "1819"]

1. e4 e5 2. Nf3 Nc6 3. Bb5 Nd4 4. Bc4 h6 5. Nxe5 Ne6 6. d4 Bb4+ 7. c3 Bd6 8. O-O
Bxe5 9. dxe5 Ne7 10. Bxe6 dxe6 11. Qxd8+ Kxd8 12. Nd2 Nc6 13. Nc4 Ke7 14. b3 f6
15. Bf4 b6 16. exf6+ gxf6 17. e5 f5 18. Na3 Ba6 19. c4 h5 20. Nb5 Rac8 21. Bg5+
Kf7 22. Rad1 Bxb5 23. cxb5 Nxe5 24. Rfe1 Ng6 25. Rd7+ Kg8 26. Bf6 Rh7 27. Rxh7
Kxh7 28. Rxe6 Nf4 29. Re7+ Kg6 30. Be5 Nd5 31. Rg7+ Kh6 32. h4 Re8 33. Bb2 Re7
34. Rg5 Nf4 35. Rxf5 Ng6 36. Bc1+ Kh7 37. Rxh5+ Kg8 38. Kh2 Kf7 39. Kh3 Ke8 40.
g4 Re1 41. Bd2 Re2 42. Bc3 Nf4+ 43. Kg3 Nxh5+ 44. gxh5 Kf7 45. h6 Kg8 46. f4
Re3+ 0-1

[Event "Challenge"]
[Site "http://www.queenalice.com/game.php?id=1125722"]
[Date "2012.11.25"]
[Round "-"]
[White "jumping"]
[Black "Omar"]
[Result "0-1"]
[WhiteElo "1705"]
[BlackElo "1753"]

1. e4 e5 2. Nf3 d6 3. d4 exd4 4. Nxd4 h6 5. Bc4 Be7 6. Qf3 Nf6 7. Nc3 a6 8. O-O
Qd7 9. Re1 b5 10. Bd3 O-O 11. b4 Bb7 12. Qg3 Qg4 13. Qxg4 Nxg4 14. h3 Ne5 15.
Nd5 Bxd5 16. exd5 Re8 17. Bb2 Nxd3 18. cxd3 Nd7 19. Nf5 Bf6 20. Bxf6 Nxf6 21.
Rac1 Nxd5 22. a3 Rxe1+ 23. Rxe1 Nf4 24. d4 d5 25. Kf1 Kh7 26. Re7 Kg6 27. g4 Kf6
28. Rxc7 Nxh3 29. Kg2 Nf4+ 30. Kg3 Nd3 31. Ne3 a5 32. Nxd5+ Ke6 33. Nb6 Ra6 34.
Nd7 Kd6 35. Rb7 axb4 36. axb4 Ra3 37. Kg2 Kc6 38. Nc5 Nxc5 39. Rxf7 Ne6 40. f3
Ra4 41. Re7 Kd6 42. Rb7 Rxb4 43. Rb6+ Kd5 44. Kg3 Nxd4 45. Rb7 Ne6 46. Rd7+ Kc6
47. Kh4 Kxd7 0-1

[Event "Challenge"]
[Site "http://www.queenalice.com/game.php?id=1125989"]
[Date "2012.11.26"]
[Round "-"]
[White "jumping"]
[Black "Omar"]
[Result "1-0"]
[WhiteElo "1691"]
[BlackElo "1755"]

1. e4 e5 2. Nf3 d6 3. Bc4 h6 4. d4 exd4 5. Nxd4 a6 6. O-O Qd7 7. Re1 b5 8. Be2
Be7 9. Nc3 Bb7 10. Bf3 Nf6 11. e5 Bxf3 12. Qxf3 dxe5 13. Qxa8 O-O 14. Nf3 Nc6
15. Qxa6 Nb4 16. Nxe5 Qd6 17. Qxd6 Bxd6 18. Rb1 Re8 19. Nf3 Nxc2 20. Rxe8+ Nxe8
21. Nxb5 Bc5 22. b3 Nb4 23. a4 Nd3 24. Bb2 Bxf2+ 25. Kf1 Bh4 26. Nxh4 g5 27. Nf5
Kh7 28. a5 c6 29. Nbd6 Nc7 30. Nxf7 Kg6 31. N5xh6 Nxb2 32. Rxb2 Nb5 33. a6 c5
34. Rc2 Nd4 35. Rc3 Ne6 36. a7 Nc7 37. Rxc5 Na8 38. Rc8 Nb6 39. Rd8 Kg7 40. a8=Q
Nxa8 41. Rxa8 g4 42. Kf2 g3+ 43. Kxg3 Kf6 44. Kf4 Ke6 45. Re8+ Kf6 46. Ng5 Kg6
47. Re6+ Kg7 48. Kf5 1-0

[Event "Challenge"]
[Site "http://www.queenalice.com/game.php?id=1135665"]
[Date "2012.12.30"]
[Round "-"]
[White "bumpywater"]
[Black "jumping"]
[Result "0-1"]
[WhiteElo "1882"]
[BlackElo "1710"]

1. e4 e5 2. Nf3 Nc6 3. Bc4 Bc5 4. O-O d6 5. h3 h6 6. a3 Nf6 7. b4 Bd4 8. c3 Bb6
9. a4 a5 10. b5 Ne7 11. Ba3 Nxe4 12. Kh2 Nxf2 13. Qe2 d5 14. Bxe7 Qxe7 15. Bxd5
O-O 16. Rxf2 Bxf2 17. Qxf2 Qd6 18. Bb3 e4+ 19. Kg1 exf3 20. Qxf3 Be6 21. Bxe6
Qb6+ 22. Kh2 Qxe6 23. Qxb7 Qd6+ 24. Kh1 Rfe8 25. Na3 Qxd2 26. Qxc7 Re1+ 27. Rxe1
Qxe1+ 28. Kh2 Qc1 29. Qc6 Qf4+ 30. Kh1 Rd8 31. Qf3 Qc1+ 32. Kh2 Qxa3 33. Qc6 Qe7
34. Qb6 Qe5+ 35. Kg1 Rd1+ 0-1

[Event "Challenge"]
[Site "http://www.queenalice.com/game.php?id=1143125"]
[Date "2013.1.21"]
[Round "-"]
[White "jumping"]
[Black "Omar"]
[Result "1-0"]
[WhiteElo "1733"]
[BlackElo "1740"]

1. e4 e5 2. Nf3 d6 3. d4 exd4 4. Nxd4 h6 5. Nc3 Be7 6. Bc4 Nf6 7. O-O O-O 8. b3
a6 9. Bb2 Bd7 10. Nf5 Nc6 11. Nd5 Nxd5 12. exd5 Ne5 13. Ne3 Nxc4 14. bxc4 b5 15.
Re1 bxc4 16. Nxc4 Rb8 17. Qd3 Qc8 18. Rxe7 Bb5 19. Qc3 f6 20. Na3 c5 21. Rb1 Bd7
22. Nc4 Re8 23. Re3 Bf5 24. Rg3 Rf8 25. Nxd6 Qc7 26. Nxf5 Kh7 27. Rxg7+ Qxg7 28.
Nxg7 Kxg7 29. Qxc5 Rbc8 30. Qa7+ Kg8 31. Qxa6 Rxc2 32. Qe6+ Kh8 33. Bxf6+ Kh7
34. Qe7+ Kg6 35. Qxf8 Rxa2 36. Qg7+ Kf5 37. Qxh6 Ke4 38. Rd1 Ra6 39. Rd4+ Kf5
40. Qg5# 1-0

[Event "Challenge"]
[Site "http://www.queenalice.com/game.php?id=1146754"]
[Date "2013.1.30"]
[Round "-"]
[White "Omar"]
[Black "jumping"]
[Result "0-1"]
[WhiteElo "1752"]
[BlackElo "1749"]

1. e4 e5 2. d3 Nf6 3. a3 Bc5 4. h3 d5 5. exd5 Qxd5 6. Nc3 Qd8 7. Bd2 Nc6 8. Nf3
O-O 9. Be2 Nd4 10. Nxd4 exd4 11. Na2 Re8 12. O-O b5 13. b4 Bd6 14. Nc1 c5 15.
bxc5 Bxc5 16. Nb3 Bb6 17. Bf3 Nd5 18. Bc1 Qd6 19. Bb2 Qg6 20. Bg4 Nc3 21. Bxc3
dxc3 22. d4 Rd8 23. Bxc8 Raxc8 24. d5 Qf5 25. d6 Qf6 26. d7 Rc7 27. Qd3 Rcxd7
28. Qg3 a5 29. Rae1 a4 30. Nc1 Bc5 31. Na2 Bxa3 32. Nxc3 Bb4 33. Nxb5 Bxe1 34.
Rxe1 Rd1 35. Qe3 Qc6 36. Na3 Rxe1+ 37. Qxe1 Qc5 38. Nb1 Qxc2 39. Na3 Qb3 40. Kh2
Qxa3 41. Qa5 Rd4 42. Qe5 Qd6 43. Qxd6 Rxd6 44. f3 a3 45. f4 a2 46. f5 a1=Q 47.
h4 Qe5+ 48. g3 Rd2+ 49. Kh3 Qxf5+ 50. g4 Qf3# 0-1

[Event "Challenge"]
[Site "http://www.queenalice.com/game.php?id=1159683"]
[Date "2013.3.10"]
[Round "-"]
[White "jumping"]
[Black "Omar"]
[Result "1-0"]
[WhiteElo "1744"]
[BlackElo "1760"]

1. d4 d5 2. Nf3 h6 3. Nc3 e6 4. e4 dxe4 5. Nxe4 a6 6. Bc4 Nf6 7. Qd3 Be7 8. O-O
O-O 9. b3 Nh7 10. Bb2 Bf6 11. Rab1 c5 12. Nxc5 b5 13. Qe4 Ra7 14. Bd3 g6 15. Qf4
Bg7 16. Qxb8 Re7 17. Rfe1 Qd5 18. Qf4 Nf6 19. c4 bxc4 20. Bxc4 Qc6 21. Rbc1 Nd5
22. Bxd5 Qxd5 23. Ba3 g5 24. Qe3 Ree8 25. Ne4 a5 26. Bxf8 Rxf8 27. Rc5 Qd7 28.
Rxa5 Bb7 29. Nc5 Qc7 30. Ra7 Qc8 31. Nxb7 Qb8 32. d5 exd5 33. Nd6 Bc3 34. Nf5
Bxe1 35. Nxe1 Re8 36. Re7 Kf8 37. Qc5 Kg8 38. Qxd5 Rxe7 39. Nxe7+ Kf8 40. Nf5
Qe8 41. Qc5+ Kg8 42. Kf1 Qe6 43. Nf3 Kh7 44. Qc2 Kg8 45. N3d4 Qa6+ 46. Qe2 Qf6
47. Qh5 Kh7 48. g4 Qg6 49. Qxg6+ Kxg6 50. a4 Kf6 51. a5 Ke5 52. a6 f6 53. a7 Kd5
54. a8=Q+ Kc5 55. Qc6+ Kb4 56. Qb5+ Kc3 57. Qc4+ Kb2 58. b4 Ka1 59. Qb3 h5 60.
Nc2# 1-0

[Event "Challenge"]
[Site "http://www.queenalice.com/game.php?id=1162851"]
[Date "2013.3.20"]
[Round "-"]
[White "jumping"]
[Black "Omar"]
[Result "1-0"]
[WhiteElo "1770"]
[BlackElo "1709"]

1. e4 e5 2. Nf3 d6 3. d4 exd4 4. Nxd4 d5 5. Nc3 c6 6. e5 h6 7. Be2 c5 8. Nb3 Be6
9. O-O c4 10. Nd4 Bd7 11. Nxd5 Nc6 12. Bf4 Nxd4 13. Qxd4 b5 14. c3 Qc8 15. Rfe1
Bc5 16. Qe4 Bf5 17. Qf3 Ne7 18. a4 Nxd5 19. Qxd5 O-O 20. axb5 Rd8 21. Qf3 Rd2
22. Ra2 Rd8 23. Bxc4 Bxf2+ 24. Qxf2 Qxc4 25. Ra5 Be6 26. Bg3 Rdb8 27. Rxa7 Rxa7
28. Qxa7 Qxb5 29. b4 Qb6+ 30. Bf2 Qxa7 31. Bxa7 Ra8 32. Bc5 Ra3 33. Re3 Bc4 34.
b5 Rb3 35. b6 g5 36. g4 Bd5 37. Rd3 Bb7 38. Bb4 Rb2 39. Re3 Rg2+ 40. Kf1 Rxg4
41. e6 fxe6 42. Rxe6 Rf4+ 43. Kg1 Rf7 44. Rxh6 Kg7 45. Rh3 Rf6 46. Bc5 g4 47.
Rg3 Rf4 48. h3 Rf3 49. Bd4+ Kg6 50. Rxg4+ Kf5 51. Kh2 Rd3 52. c4 Be4 53. Bg1
Rd2+ 54. Kg3 Rg2+ 55. Kh4 Rxg4+ 56. hxg4+ Kg6 57. g5 Bb7 58. Kg4 Bc8+ 59. Kf4
Bb7 60. Be3 Bc6 61. Ke5 Kf7 62. Kd6 Ba8 63. Kc7 Ke6 64. c5 Kd5 65. b7 Bxb7 66.
Kxb7 Ke6 67. c6 Ke5 68. c7 Ke4 69. Bc1 Kd3 70. c8=Q Ke2 71. g6 Kf2 72. g7 Ke2
73. g8=R Kf3 74. Qe8 Kf2 75. Rf8+ Kg3 76. Qg6+ Kh4 77. Rh8# 1-0

[Event "Challenge"]
[Site "http://www.queenalice.com/game.php?id=1173448"]
[Date "2013.4.20"]
[Round "-"]
[White "jumping"]
[Black "zmanomega"]
[Result "0-1"]
[WhiteElo "1767"]
[BlackElo "1594"]

1. e4 e5 2. Nf3 f6 3. d4 Nc6 4. d5 Nb4 5. c3 Na6 6. Bb5 Nc5 7. Nbd2 a6 8. Ba4
Nd3+ 9. Ke2 Nf4+ 10. Kf1 b5 11. Bb3 d6 12. Nh4 f5 13. exf5 Qxh4 14. Nf3 Qh6 15.
Qe1 Bxf5 16. g3 Qh3+ 17. Kg1 Qg2# 0-1

[Event "Challenge"]
[Site "http://www.queenalice.com/game.php?id=1177939"]
[Date "2013.5.3"]
[Round "-"]
[White "zmanomega"]
[Black "jumping"]
[Result "0-1"]
[WhiteElo "1581"]
[BlackElo "1761"]

1. d4 d5 2. e3 Nf6 3. f3 Nc6 4. c3 e5 5. Nd2 g6 6. dxe5 Nxe5 7. f4 Neg4 8. Ndf3
Bc5 9. Qd3 O-O 10. Be2 Bf5 11. Qb5 b6 12. Nh4 Nxe3 13. Bxe3 Bxe3 14. g3 Bd7 15.
Qd3 Re8 16. Ngf3 Bc5 17. O-O-O a6 18. Ne5 Bb5 19. Qf3 d4 20. c4 Ba4 21. b3 Bd7
22. g4 b5 23. g5 Nh5 24. cxb5 axb5 25. Nxf7 Kxf7 26. Qd5+ Be6 27. Qxc5 Rxa2 28.
Bxh5 gxh5 29. Rxd4 Qa8 30. Qxc7+ Re7 31. g6+ hxg6 32. Qxe7+ Kxe7 33. Rhd1 Qc6+
0-1

[Event "Challenge"]
[Site "http://www.queenalice.com/game.php?id=1181581"]
[Date "2013.5.15"]
[Round "-"]
[White "jumping"]
[Black "Omar"]
[Result "0-1"]
[WhiteElo "1784"]
[BlackElo "1686"]

1. e4 e5 2. Nf3 d6 3. Nc3 h6 4. d4 exd4 5. Nxd4 Be7 6. Bc4 Nf6 7. O-O O-O 8. Re1
Bd7 9. b4 Nc6 10. Bb2 Nxb4 11. e5 dxe5 12. Rxe5 Ng4 13. Re4 Nc6 14. Nd5 Bc5 15.
h3 Nf6 16. Nxf6+ Qxf6 17. Rb1 Qg6 18. Re1 Bxh3 19. g3 Nxd4 20. Bxd4 Qc6 21. f3
Bxd4+ 22. Qxd4 Qxf3 23. Qf2 Qxf2+ 24. Kxf2 Rad8 25. Re7 Rd2+ 26. Re2 Rxe2+ 27.
Kxe2 b6 28. Kf3 Rd8 29. g4 Rd4 30. Bd3 Bxg4+ 31. Kg3 Be6 32. Re1 a5 33. Kf3 g5
34. Ke3 Ra4 35. Kd2 Rxa2 36. Rh1 Kg7 37. Ke3 Rb2 38. Kd4 c5+ 39. Kc3 Rb4 40. Kd2
a4 41. Ra1 b5 42. c3 Rf4 43. Bxb5 Bb3 44. Kd3 c4+ 45. Ke3 Rf5 46. Bxa4 Ra5 47.
Bxb3 Rxa1 48. Bxc4 h5 49. Be2 h4 50. Bg4 Kg6 51. Ke4 Ra4+ 52. Kd5 Rxg4 0-1

[Event "Challenge"]
[Site "http://www.queenalice.com/game.php?id=1182378"]
[Date "2013.5.18"]
[Round "-"]
[White "jumping"]
[Black "zmanomega"]
[Result "1/2-1/2"]
[WhiteElo "1770"]
[BlackElo "1581"]

1. e4 e5 2. Nf3 d6 3. Bb5+ c6 4. Bc4 Bg4 5. h3 Be6 6. d3 Bd7 7. Ng5 Be6 8. Bxe6
fxe6 9. Nxe6 Qe7 10. Qg4 Nf6 11. Bg5 h5 12. Qf5 Qf7 13. Bxf6 gxf6 14. Nxf8 Kxf8
15. Nd2 Na6 16. Nc4 Rd8 17. O-O-O Nb4 18. Kb1 b5 19. Na5 Qxa2+ 20. Kc1 Qxa5 21.
Qxf6+ Kg8 22. Qg6+ Kf8 23. Qf6+ Kg8 24. Qg6+ 1/2-1/2

[Event "Challenge"]
[Site "http://www.queenalice.com/game.php?id=1185511"]
[Date "2013.5.28"]
[Round "-"]
[White "zmanomega"]
[Black "jumping"]
[Result "0-1"]
[WhiteElo "1562"]
[BlackElo "1762"]

1. d4 d5 2. e3 Nc6 3. Na3 a6 4. Bd2 e5 5. Bc3 e4 6. Ne2 Nf6 7. Nf4 Bd6 8. f3
Bxf4 9. exf4 exf3 10. gxf3 O-O 11. Bd3 Re8+ 12. Be2 Nh5 13. Qd2 Qh4+ 14. Kd1
Nxf4 15. Re1 Qxh2 16. Kc1 Nxe2+ 17. Kb1 Nxc3+ 18. Qxc3 Rxe1+ 19. Qxe1 Bf5 20. b3
Nxd4 21. Qd1 c5 22. f4 Qxf4 23. Kb2 b5 24. c3 Qf2+ 25. Nc2 Nxc2 26. Rc1 Ne3+ 27.
Rc2 Bxc2 0-1

[Event "Challenge"]
[Site "http://www.queenalice.com/game.php?id=1190416"]
[Date "2013.6.12"]
[Round "-"]
[White "Omar"]
[Black "jumping"]
[Result "0-1"]
[WhiteElo "1771"]
[BlackElo "1764"]

1. e4 e5 2. d3 Nc6 3. a3 Nf6 4. h3 Bc5 5. Nc3 O-O 6. Bd2 d5 7. exd5 Nxd5 8. Nxd5
Qxd5 9. Nf3 Nd4 10. Bc3 Re8 11. Be2 e4 12. Nxd4 Bxd4 13. O-O e3 14. f3 c5 15.
Bxd4 cxd4 16. Qe1 Bd7 17. c4 Qg5 18. g4 b5 19. cxb5 Qxb5 20. b4 a5 21. bxa5 Qxa5
22. Kg2 Qc5 23. Qg3 Rxa3 24. Rfc1 Qa7 25. Qe1 Bb5 26. Rxa3 Qxa3 27. Ra1 Qd6 28.
Qb1 Rb8 29. Ra5 Bd7 30. Qa2 Be6 31. Qa1 f5 32. Ra4 Rd8 33. Rxd4 Qb6 34. Rxd8+
Qxd8 35. Qe5 Qb6 36. gxf5 Bf7 37. Qc3 Qb5 38. f6 Qg5+ 39. Kf1 gxf6 40. Qd4 Be6
41. Qd8+ Kg7 42. Qe7+ Bf7 43. Qe4 f5 44. f4 Qg3 45. Qg2 Qg6 46. Qxg6+ hxg6 47.
Kg2 Bd5+ 48. Bf3 e2 49. Kf2 Bxf3 50. Kxf3 e1=Q 51. Kg2 Qe2+ 52. Kg3 Qxd3+ 53.
Kg2 Kh6 54. Kf2 Qxh3 55. Ke2 g5 56. fxg5+ Kxg5 57. Kf2 Kf4 58. Ke2 Qe3+ 59. Kd1
Ke4 60. Kc2 f4 61. Kd1 f3 62. Kc2 f2 63. Kd1 f1=Q+ 64. Kc2 Qfe2+ 65. Kb1 Qg1#
0-1

[Event "Challenge"]
[Site "http://www.queenalice.com/game.php?id=1215819"]
[Date "2013.9.10"]
[Round "-"]
[White "jumping"]
[Black "Omar"]
[Result "1-0"]
[WhiteElo "1780"]
[BlackElo "1793"]

1. e4 e5 2. Nf3 d6 3. d4 exd4 4. Nxd4 Be7 5. Bc4 Nf6 6. Nc3 a6 7. O-O h6 8. Re1
Bd7 9. Nf5 O-O 10. Nd5 Bxf5 11. exf5 Nxd5 12. Bxd5 Bf6 13. Bxb7 Ra7 14. Bd5 Qd7
15. Qd3 Qb5 16. Qxb5 axb5 17. c3 c6 18. Bf3 d5 19. Be3 Re7 20. Bc5 Rxe1+ 21.
Rxe1 Rd8 22. Bb6 Rc8 23. Bd4 Bxd4 24. cxd4 Nd7 25. Re7 Nf6 26. Ra7 Re8 27. g3
Rc8 28. b4 Ne8 29. a4 bxa4 30. Rxa4 Nd6 31. Bg4 Nb5 32. f6 gxf6 33. Bxc8 Nxd4
34. Bd7 f5 35. Ra6 Kf8 36. Bxc6 Ke7 37. Bxd5 Nc2 38. Rb6 Nd4 39. Rxh6 f6 40.
Rh7+ Kd6 41. Ba2 Kc6 42. Bc4 Nc2 43. b5+ Kc5 44. Rc7+ Kb4 45. b6 Nd4 46. b7 Ne6
47. Bxe6 Kb5 48. b8=Q+ Ka6 49. Ra7# 1-0

[Event "Challenge"]
[Site "http://www.queenalice.com/game.php?id=1231405"]
[Date "2013.11.10"]
[Round "-"]
[White "jumping"]
[Black "Omar"]
[Result "0-1"]
[WhiteElo "1797"]
[BlackElo "1803"]

1. e4 e5 2. Nf3 d6 3. d4 exd4 4. Nxd4 Be7 5. Bc4 Nf6 6. Nc3 Bd7 7. O-O Nc6 8.
Re1 Ne5 9. b3 Nxc4 10. bxc4 h6 11. Nf5 Bxf5 12. exf5 O-O 13. Ne4 Nxe4 14. Rxe4
Re8 15. Qg4 Bf6 16. Rb1 Rxe4 17. Qxe4 b6 18. Qg4 Kh7 19. Bb2 Qe7 20. g3 Bxb2 21.
Rxb2 Re8 22. Rb3 Qe1+ 23. Kg2 Re2 24. Qf3 Rxc2 25. Re3 Qb4 26. Qe4 Qxc4 27. Qxc4
Rxc4 28. Re7 a5 29. Rxf7 a4 30. f6 Kg6 31. Rxg7+ Kxf6 32. Rh7 Kg6 33. Re7 Rc3
34. h4 a3 35. Re2 c5 36. Re6+ Kf5 37. Rxd6 b5 38. Kf1 Rc2 39. Rxh6 b4 40. Rh5+
Kg4 41. Re5 b3 42. axb3 a2 43. Re1 Rb2 44. Re4+ Kh3 45. Ra4 Rb1+ 46. Ke2 a1=Q
47. h5 Qe5+ 48. Kf3 Rxb3# 0-1